Woodshop dust control: a complete guide to setting up your own system

Guardat en:
Dades bibliogràfiques
Autor principal: Nagyszalanczy, Sandor (Autor)
Format: Llibre
Idioma:anglès
Publicat: Newton The Taunton Press 2002
Edició:1a. ed
Matèries:
Etiquetes: Afegir etiqueta
Sense etiquetes, Sigues el primer a etiquetar aquest registre!

MARC

LEADER 00000cam a2200000 a 4500
001 UCE4569
003 CL-VaPUC
008 141030e20020000us |||||||||||||||||eng|d
020 |a 9781561584994 
020 |a 1561584991 
082 0 4 |a 684.08  |b NAG  |2 21 
100 0 |a Nagyszalanczy, Sandor  |e author  |9 577123 
245 1 0 |a Woodshop dust control: a complete guide to setting up your own system 
250 |a 1a. ed 
300 |a 202 p 
942 |c BK 
945 |d 20141030 14:13:00  |a arojas 
260 |a Newton  |b The Taunton Press  |c 2002 
650 0 |a Madera  |9 262357 
650 7 |a MUEBLES DE MADERA  |2 CL-VaPUC  |9 577124 
650 7 |a RESIDUOS DE MADERA  |2 CL-VaPUC  |9 366813 
650 7 |a POLVO  |2 CL-VaPUC  |9 259545 
583 |a last modification  |c 20141030 14:13:00  |k Rodrigo Vera 
999 |c 357471  |d 357469 
952 |0 0  |1 0  |3 erb  |4 0  |6 684_080000000000000_NAG_2002  |7 0  |8 R  |9 465474  |a BIBARQ  |b BIBARQ  |i 5121841  |o 684.08 NAG 2002  |p 5121841  |r 2025-01-20  |w 2019-11-23  |y BK_R  |z Catalogado en:20141030  |k ARQ